Kế toán ngân hàng : Lý thuyết - bài tập - bài giải

Nội dung sách trình bày phương pháp kế toán các hoạt động chính tại ngân hàng thương mại, một số bài tập tổng hợp và bài thi kế toán ngân hàng.

Uloženo v:
Podrobná bibliografie
Hlavní autor: Nguyễn Thị Loan (Chủ biên)
Další autoři: Trần Thị Kỳ
Médium: Kniha
Jazyk:Vietnamese
Vydáno: Tp. Hồ Chí Minh Kinh tế Tp. Hồ Chí Minh 2017
Témata:
Tagy: Přidat tag
Žádné tagy, Buďte první, kdo otaguje tento záznam!
Thư viện lưu trữ: Thư viện Trường Đại học Nam Cần Thơ
LEADER 01262nam a22002177a 4500
001 NCT_74037
008 200214b xxu||||| |||| 00| 0 vie d
999 |c 3608  |d 3608 
020 |a 9786049225727  |c 159000 
082 0 4 |2 23rd ed.  |a 657.8  |b L406 
100 1 |a Nguyễn Thị Loan  |e Chủ biên 
245 1 0 |a Kế toán ngân hàng :  |b Lý thuyết - bài tập - bài giải  |c Nguyễn Thị Loan(chủ biên) ;Trần Thị Kỳ, ...[et al.] 
260 |a Tp. Hồ Chí Minh  |b Kinh tế Tp. Hồ Chí Minh  |c 2017 
300 |a 487 tr.  |c 24cm 
520 3 |a Nội dung sách trình bày phương pháp kế toán các hoạt động chính tại ngân hàng thương mại, một số bài tập tổng hợp và bài thi kế toán ngân hàng. 
653 |a Kế toán 
700 1 |a Trần Thị Kỳ 
942 |2 ddc  |c BK 
952 |0 0  |1 0  |2 ddc  |4 0  |6 657_800000000000000_L406  |7 0  |9 18598  |a 000001  |b 000001  |d 2020-02-14  |l 4  |m 1  |o 657.8 L406  |p MD.16476  |r 2021-04-08  |s 2021-03-25  |v 159000.00  |w 2020-02-14  |y BK 
952 |0 0  |1 0  |2 ddc  |4 0  |6 657_800000000000000_L406  |7 0  |9 18599  |a 000001  |b 000001  |d 2020-02-14  |o 657.8 L406  |p MD.16477  |r 2020-02-14  |v 159000.00  |w 2020-02-14  |y BK 
980 |a Thư viện Trường Đại học Nam Cần Thơ